000 00289nam a2200121Ia 4500
005 20251222154359.0
008 251222s9999||||xx |||||||||||||| ||spa||
082 _a867/P11
100 _a( Pablo San José ) "Pablo"
245 0 _aLa Burocracia Tenebrosa
264 _bPlaneta
942 _cLIB
999 _c35199
_d35199